| 000 | 00632nac a22001811u 4500 | ||
|---|---|---|---|
| 010 | _a99033269 | ||
| 082 |
_a621.3692 _bS8384 |
||
| 090 |
_c1403 _d1403 |
||
| 100 | _aSterling, Donald J., | ||
| 245 |
_aTechnician’s guide to fiber optics / _cDonald J. Sterling, Jr. |
||
| 250 | _a3rd ed. | ||
| 260 |
_aAustralia : _bThomson/ Delmar Publishers, _c1999. |
||
| 300 |
_a345 p. : _bill. ; _c24 cm. |
||
| 500 | _aIncludes index. | ||
| 650 | _aFiber optics. | ||
| 942 |
_cBB _k621.3692S8384 |
||
| 999 |
_c1403 _d1403 |
||